000
00241nam a22000857a 4500
008
170209b xxu||||| |||| 00| 0 eng d
100
_9
2841
_a
Reader`s Dighest
245
_a
Gospel: The early Years of Jesus
260
_a
New York
_b
Readers Digest
_c
1987
999
_c
6059
_d
6059